Catálogo

Vista normal Vista MARC

Entrada Personal Name

Número de registros utilizados en: 1

001 - CONTROL NUMBER

  • control field: 3997

003 - CONTROL NUMBER IDENTIFIER

  • control field: DLC

005 - DATE AND TIME OF LATEST TRANSACTION

  • control field: 20250422130444.0

008 - FIXED-LENGTH DATA ELEMENTS

  • fixed length control field: 830707n| azannaabn |a aaa

010 ## - LIBRARY OF CONGRESS CONTROL NUMBER

  • LC control number: n 83124165

035 ## - SYSTEM CONTROL NUMBER

  • System control number: (OCoLC)oca00959147

035 ## - SYSTEM CONTROL NUMBER

  • System control number: (CaEvSKY)skya2047794

040 ## - CATALOGING SOURCE

  • Original cataloging agency: DLC
  • Language of cataloging: spa
  • Description conventions: rda
  • Transcribing agency: Mx-PuUPA
  • Modifying agency: CSt
  • Modifying agency: IEN
  • Modifying agency: MX-MrUMS
  • Modifying agency: DLC
  • Modifying agency: Mx-PuUPA

100 1# - HEADING--PERSONAL NAME

  • Personal name: Lida, Clara E.,
  • Fuller form of name: (Clara Eugenia)

370 ## - ASSOCIATED PLACE

  • Place of birth: Argentina
  • Source of term: naf

373 ## - ASSOCIATED GROUP

  • Associated group: Universidad de Princeton
  • Associated group: Colegio de México
  • Source of term: naf

374 ## - OCCUPATION

  • Occupation: Profesora universitaria
  • Occupation: Compiladora
  • Source of term: lcsh

374 ## - OCCUPATION

  • Occupation: Investigadora

375 ## - GENDER

  • Gender: mujer

377 ## - ASSOCIATED LANGUAGE

  • Language code: spa

378 ## - FULLER FORM OF PERSONAL NAME

  • Fuller form of personal name: Clara Eugenia

400 1# - SEE FROM TRACING--PERSONAL NAME

  • Control subfield: nna
  • Personal name: Lida, Clara Eugenia

670 ## - SOURCE DATA FOUND

  • Source citation: Miño Grijalva, M. Tres aspectos de la presencia española en México durante el porfiriato, 1981 (a.e.)
  • Information found: t.p. (Clara E. Lida)

670 ## - SOURCE DATA FOUND

  • Source citation: LC data base, 6/27/83
  • Information found: (hdg.: Lida, Clara Eugenia; usage: Clara E. Lida)

670 ## - SOURCE DATA FOUND

  • Source citation: Argentina, 1976, 2008:
  • Information found: title page (Clara E. Lida) page 286 (Clara E. Lida, argentina, se doctoró en la Universidad de Princeton y entre 1968 y 1987 enseño en EUA. Desde 1982 es profesora-investigadora en El Colegio de México)